| 000 | 01066nam a2200337Ia 4500 | ||
|---|---|---|---|
| 650 | 0 |
_981044 _aİflas _zTürkiye |
|
| 650 | 0 |
_938711 _aExecutions (Law) _zTurkey |
|
| 999 |
_c200429138 _d47062 |
||
| 001 | ocm49914901 | ||
| 003 | TR-AnTOB | ||
| 005 | 20200130140143.0 | ||
| 008 | 020604s2000 tu 000 0 tur d | ||
| 020 | _a9754641609 | ||
| 040 |
_aB9K _cTR-AnTOB _beng _erda |
||
| 041 | 0 | _atur | |
| 049 | _aB9KA | ||
| 050 | 0 |
_aKKX1888 _b.Y39 2000 |
|
| 090 | 0 | 0 |
_aKKX1888 _b.Y39 2000 |
| 100 | 1 |
_aYavuz, Nihat _4author _9119274 |
|
| 245 | 1 | 0 |
_aUygulamada ve öğretide itirazın iptali menfi tespit ve istirdat davaları / _cNihat Yavuz. |
| 246 | 1 | 0 | _aİtirazın iptali menfi tespit ve istirdat davaları. |
| 264 |
_aAnkara : _bYetkin, _c2000. |
||
| 300 |
_a1359 p. _c23 cm |
||
| 336 |
_2rdacontent _atext |
||
| 337 |
_2 rdamedia _aunmediated |
||
| 338 |
_2rdacarrier _avolume |
||
| 504 | _aIncludes bibliographical references. | ||
| 650 | 0 |
_aBankruptcy _zTurkey _9115794 |
|
| 650 | 0 |
_aİcra-iflas hukuku _zTürkiye _xTürkiye _9115811 |
|
| 942 |
_2lcc _cBK |
||